LDR 01546nam a2200313 4500 001 000000367933 003 CaOOAMICUS 005 20260528113131.0 008 260527s1983 it 000 u ita r 020 $a88-06-05608-5 040 $aSeMil$bita 100 1 $aMachiavelli, Niccolò ,$d<1469-1527>.$0(OLS)http://semarc/name/1234 245 10$aDiscorsi sopra la prima deca di Tito Livio /$cNicolo Machiavelli ; seguiti dalle Considerazioni intorno ai Discorsi del Machiavelli di Francesco Guicciardini ;a cura di Corrado Vivanti. 264 1$aTorino :$bEinaudi,$c1983. 300 $aLXVII, 635 p. ;$c20 cm 490 1 $aNuova universale Einaudi ;$v185 501 $aConsiderazioni intorno ai Discorsi di Machiavelli 650 4$aPolitica - Teorie - Sec. 16.$0(OLS)http://semarc/subject/1651 650 4$aRoma antica - Politica - Teorie.$0(OLS)http://semarc/subject/60387 700 1 $aGuicciardini, Francesco,$d<1483-1540>.$0(OLS)http://semarc/name/6315 700 1 $aVivanti, Corrado,$d<1928-2012>.$0(OLS)http://semarc/name/3457 830 0$aNuova universale Einaudi ;$v185.$0(OLS)http://semarc/title/6901 850 $aSeMil 852 $aSeMil$W1$xVenegono$y1$m3N I 825$j272710$B258590$CSeMilBibl$Z2$F258590 $81 961 $aBuzzi mons. Franco - Omaggio 996 $6020$a88-06-05608-5$9(OLS)http://semarc/number/306000 996 $6245$aDiscorsi sopra la prima deca di Tito Livio$9(OLS)http://semarc/title/459935 996 $6264$aTorino :$bEinaudi$9(OLS)http://semarc/publisher/29884